| 000 | 00838cam a2200253 4500 | ||
|---|---|---|---|
| 001 | ABS62624 | ||
| 008 | 000000n2000 000 0 eng u | ||
| 035 | _a(Sirsi) u107624 | ||
| 100 | _aTinworth, A. | ||
| 245 | _aMembers invited to survey the netscape | ||
| 260 | _c2000 | ||
| 490 |
_aEstates Gazette _v(0026) 1 July 2000, 134-135(2) |
||
| 520 | _aDescribes the RICS new-look website. The existing website is split in two, one site for members, and the other for the public. Additional services include interactive discussion groups, online banking and legal services. | ||
| 590 | _aABS | ||
| 650 | _aE-COMMERCE | ||
| 650 | _aLEGAL SERVICES | ||
| 650 | _aONLINE BANKING | ||
| 650 | _aRICS | ||
| 650 | _aPUBLIC | ||
| 650 | _aMEMBERS | ||
| 650 | _aINFORMATION | ||
| 690 | _aINFORMATION TECHNOLOGY-INTERNET | ||
| 942 | _n0 | ||
| 999 |
_c64304 _d64304 |
||